CELL AND MOLECULAR BIOLOGY (Record no. 216230)
[ view plain ]
| 000 -LEADER | |
|---|---|
| fixed length control field | 00429nam a22001577a 4500 |
| 008 - FIXED-LENGTH DATA ELEMENTS--GENERAL INFORMATION | |
| fixed length control field | 251120b |||||||| |||| 00| 0 eng d |
| 020 ## - INTERNATIONAL STANDARD BOOK NUMBER | |
| International Standard Book Number | 979-8-88715-088-8 |
| 100 ## - MAIN ENTRY--PERSONAL NAME | |
| Personal name | ANDERSON, ANGELA |
| 245 ## - TITLE STATEMENT | |
| Title | CELL AND MOLECULAR BIOLOGY |
| 260 ## - PUBLICATION, DISTRIBUTION, ETC. | |
| Place of publication, distribution, etc. | DUBLIN, OH |
| Name of publisher, distributor, etc. | ORYSON PRESS |
| Date of publication, distribution, etc. | 2023 |
| 300 ## - PHYSICAL DESCRIPTION | |
| Extent | X, 286P. |
| 500 ## - GENERAL NOTE | |
| General note | INCLUDES INDEX |
| 650 ## - SUBJECT ADDED ENTRY | |
| Topical term or geographic name entry element | I. CELL BIOLOGY 2. MOLECULAR BIOLOGY |
| 942 ## - ADDED ENTRY ELEMENTS (KOHA) | |
| Source of classification or shelving scheme | Library of Congress Classification |
| Koha item type | Long Loan Book |
| Withdrawn status | Lost status | Source of classification or shelving scheme | Damaged status | Not for loan | Collection | Home library | Current library | Date acquired | Inventory number | Total checkouts | Full call number | Barcode | Date last seen | Copy number | Price effective from | Koha item type | Date due | Date last checked out |
|---|---|---|---|---|---|---|---|---|---|---|---|---|---|---|---|---|---|---|
| Library of Congress Classification | Science & Technology | Kisii University Library | Kisii University Library | 11/20/2025 | 109949 | QH 581.2 .A53 2023 | 000000000841 | 11/20/2025 | 1 | 11/20/2025 | Long Loan Book | |||||||
| Library of Congress Classification | Science & Technology | Kisii University Library | Kisii University Library | 11/20/2025 | 109950 | QH 581.2 .A53 2023 | 000000000720 | 11/20/2025 | 2 | 11/20/2025 | Long Loan Book | |||||||
| Library of Congress Classification | Science & Technology | Kisii University Library | Kisii University Library | 11/20/2025 | 109951 | 1 | QH 581.2 .A53 2023 | 000000001233 | 04/29/2026 | 3 | 11/20/2025 | Long Loan Book | 05/13/2026 | 04/29/2026 | ||||
| Library of Congress Classification | Science & Technology | Kisii University Library | Kisii University Library | 11/20/2025 | 109952 | QH 581.2 .A53 2023 | 000000001234 | 11/20/2025 | 4 | 11/20/2025 | Long Loan Book |